[Event "NK Jeugd A"]
[Site "Venlo NED"]
[Date "2009.04.25"]
[Round "2"]
[White "Pruijssers,R"]
[Black "Goudriaan,E"]
[Result "1-0"]
[WhiteElo "2442"]
[BlackElo "2104"]

1.e4 c5 2.Nf3 d6 3.d4 cxd4 4.Nxd4 Nf6 5.Nc3 a6 6.Be3 e5 7.Nb3 Be6 8.f3 Be7
9.Qd2 O-O 10.O-O-O a5 11.a4 Nbd7 12.Bb5 Nb6 13.Qf2 Nfd7 14.Nd5 Nxd5 15.exd5 Bf5
16.g4 Bg6 17.h4 h6 18.Qg1 Qc7 19.Rd2 Rfc8 20.c3 Bh7 21.Rg2 Qd8 22.g5 h5 23.g6 Bxg6
24.Rxg6 fxg6 25.Qxg6 Nf8 26.Qxh5 Bf6 27.Nd2 Qe7 28.Ne4 Rd8 29.Rg1 Qf7 30.Qg4 Nh7
31.h5 Kh8 32.Qg6 Qe7 33.Bd3 Nf8 34.Qf5 Qd7 35.Nxf6 Qxf5 36.Bxf5 gxf6 37.Bh6 Re8
38.Bg7+ Kg8 39.h6 Kf7 40.Bh8 Re7 41.Rg7+ Ke8 42.Rg8 Kf7 43.h7 Nxh7 44.Rxa8 Ng5
45.Rd8 Nxf3 46.Be6+ Kg6 47.Rg8+ Kh7 48.Bxf6 Rxe6 49.Rg7+  1-0

[Event "zt 3.5 Men"]
[Site "Beijing CHN"]
[Date "2009.04.26"]
[Round "9"]
[White "Yu Yangyi"]
[Black "Wang Hao"]
[Result "1/2-1/2"]
[WhiteElo "2433"]
[BlackElo "2696"]

1.e4 c5 2.Nf3 d6 3.d4 cxd4 4.Nxd4 Nf6 5.Nc3 a6 6.Be3 e6 7.g4 h6 8.Bg2 e5
9.Nf5 g6 10.Qe2 gxf5 11.exf5 Rg8 12.h3 Qc7 13.O-O-O Bd7 14.f4 Bc6 15.g5 Bxg2
16.Qxg2 Nbd7 17.Qe2 hxg5 18.fxg5 Rc8 19.gxf6 Nxf6 20.h4 Qc4 21.Qxc4 Rxc4
22.Bg5 Ng4 23.Nd5 f6 24.b3 Rc5 25.Nxf6+ Nxf6 26.Bxf6 Rg2 27.Rd2 Bh6 28.Bg5 Rxg5
29.hxg5 Bxg5 30.Kd1 Bxd2 31.Kxd2 b5  1/2-1/2

[Event "NK Jeugd A"]
[Site "Venlo NED"]
[Date "2009.04.28"]
[Round "5"]
[White "Smith,T"]
[Black "Blom,V"]
[Result "0-1"]
[WhiteElo "1955"]
[BlackElo "2123"]

1.e4 c5 2.Nf3 d6 3.d4 cxd4 4.Nxd4 Nf6 5.Nc3 a6 6.Be3 e5 7.Nb3 Be7 8.f3 Be6
9.Qd2 Nbd7 10.g4 Nb6 11.g5 Nh5 12.O-O-O O-O 13.Kb1 Rc8 14.Qf2 Nc4 15.Bxc4 Rxc4
16.h4 b5 17.Nd5 Bxd5 18.Rxd5 Qd7 19.Rhd1 Qh3 20.Nd2 Rc6 21.Rg1 Rfc8 22.c3 g6
23.f4 exf4 24.Bxf4 Qe6 25.Rf1 f5 26.Qd4 fxe4 27.Be3 Ng3 28.Re1 Bd8 29.Bf4 Bb6
30.Rxd6 Bxd4 31.Rxe6 Rxe6 32.cxd4 e3 33.Rxe3 Rxe3 34.Bxe3 Nf5 35.Bf4 Nxd4
36.Be5 Nf5 37.Ne4 Kf7 38.Nf6 Rc5 39.Bc3 h5 40.gxh6 Rxc3  0-1

[Event "NK Jeugd A"]
[Site "Venlo NED"]
[Date "2009.04.29"]
[Round "6"]
[White "Haast,A"]
[Black "Kuling,L"]
[Result "1/2-1/2"]
[WhiteElo "2144"]
[BlackElo "2205"]

1.e4 c5 2.Nf3 d6 3.d4 cxd4 4.Nxd4 Nf6 5.Nc3 a6 6.Be3 e5 7.Nb3 Be7 8.f3 Be6
9.Qd2 O-O 10.O-O-O a5 11.Bb5 Nbd7 12.Qf2 Rc8 13.Rd3 Qc7 14.g4 Nc5 15.Nxc5 dxc5
16.g5 Nh5 17.Rhd1 Rfd8 18.h4 Rd4 19.Nd5 Bxd5 20.exd5 Qd6 21.c4 Rxd3 22.Rxd3 g6
23.Bd2 b6 24.Qh2 Bf8 25.Re3 Bg7 26.Re4 Rc7 27.Qh3 f5 28.gxf6 Nxf6 29.Re1 Re7
30.Qc8+ Kf7 31.Qc6 Ne8 32.b3 Bf6 33.Qc8 Ng7 34.Qg4 h5 35.Qe4 Nf5 36.Bg5 Bxg5+
37.hxg5 Nd4 38.Bc6 Rc7 39.f4 exf4 40.Be8+ Kg7 41.Kd1 Nf5 42.Qe5+ Qxe5 43.Rxe5 Nd6
44.Ke2 Nxe8 45.Rxe8 Kf7 46.Re6 Re7 47.Rxe7+ Kxe7 48.Kf3 Kd7 49.Kxf4 Kd6 50.Ke4 Kd7
51.Ke5 Ke7 52.Ke4  1/2-1/2

[Event "NK Jeugd A"]
[Site "Venlo NED"]
[Date "2009.04.29"]
[Round "6"]
[White "Smith,T"]
[Black "Goudriaan,E"]
[Result "0-1"]
[WhiteElo "1955"]
[BlackElo "2104"]

1.e4 c5 2.Nf3 d6 3.d4 cxd4 4.Nxd4 Nf6 5.Nc3 a6 6.Be3 e5 7.Nb3 Be6 8.f3 Be7
9.Qd2 O-O 10.O-O-O a5 11.Bb5 Nbd7 12.Kb1 Nb6 13.Qf2 Nfd7 14.Bxd7 Nxd7 15.a4 Nf6
16.g4 Qd7 17.g5 Nh5 18.Qe2 Qc8 19.Nd5 Bd8 20.Rhg1 Qc6 21.Qb5 Qc8 22.Qe2 Ra6
23.h4 Rc6 24.Nc1 Kh8 25.Na2 f5 26.Nac3 Rc4 27.Nb5 Rxa4 28.b3 Bxd5 29.bxa4 Bg8
30.Nxd6 Qc3 31.Nxf5 Qa3 32.c3 g6 33.Nh6 Bb3 34.Rxd8 Rxd8 35.Qb2 Qxa4 36.Ng4 Kg8
37.Nxe5 b5 38.Bd4 b4 39.Rc1 Be6 40.c4 Nf4 41.Rc2 Ne2 42.Rd2 Rd6 43.Ng4 Kf7
44.Ne3 Nf4 45.Nd5 Nh5 46.Be5 Rc6 47.Ne3 Rc8 48.Bf6 Qc6 49.Qd4 Ng3 50.Bd8 Nh5
51.Bf6 Bxc4 52.Nxc4 Qxc4 53.Qxc4+ Rxc4 54.Rd7+ Ke6 55.Re7+ Kd6 56.e5+ Kd5
57.Rd7+ Ke6 58.Rd6+ Kf5 59.Ra6 Rxh4 60.Rxa5 Nf4 61.Kb2 Ne6 62.Kb3 Nd4+ 63.Kb2 Nxf3
64.Be7 Re4 65.Bd6 Nxg5 66.Kb3 Ne6 67.Bxb4 Rxe5 68.Ra7 h5 69.Rf7+ Kg4 70.Kc3 h4
71.Bd6 Rd5 72.Bb8 g5  0-1

[Event "NK Jeugd A"]
[Site "Venlo NED"]
[Date "2009.04.30"]
[Round "7"]
[White "De Groote,E"]
[Black "Ootes,La"]
[Result "0-1"]
[WhiteElo "2191"]
[BlackElo "2219"]

1.e4 c5 2.Nf3 d6 3.d4 cxd4 4.Nxd4 Nf6 5.Nc3 a6 6.Be3 e5 7.Nb3 Be6 8.f3 Be7
9.Qd2 Nbd7 10.g4 O-O 11.O-O-O b5 12.g5 b4 13.Ne2 Ne8 14.Ng3 a5 15.Kb1 a4
16.Nc1 b3 17.cxb3 axb3 18.a3 Qc8 19.Nce2 Bd8 20.Nc3 Nb6 21.Rc1 Qb7 22.h4 Nc4
23.Bxc4 Bxc4 24.Nf5 Ba5 25.Bf2 d5 26.exd5 Bb4 27.Rcd1 Qc8 28.Ne3 Nd6 29.Qc1 Qa6
30.h5 Bd3+ 31.Ka1 Rfb8 32.Na2 Bxa3  0-1

[Event "IV Tch-ESP Selecciones Autonomicas"]
[Site "Villava ESP"]
[Date "2009.04.30"]
[Round "1"]
[White "Espinosa Aranda,A"]
[Black "Garcia Rodriguez,J"]
[Result "1-0"]
[WhiteElo "2336"]
[BlackElo "2017"]

1.e4 c5 2.Nf3 a6 3.Nc3 d6 4.d4 cxd4 5.Nxd4 Nf6 6.Be3 e5 7.Nf3 Be6 8.Ng5 Bg4
9.f3 Bh5 10.h4 h6 11.g4 Bg6 12.Nh3 h5 13.g5 Nfd7 14.Qd2 Nb6 15.a4 Nc6 16.a5 Nd7
17.Nd5 Rc8 18.Nf2 Ne7 19.Nb6 Nxb6 20.Bxb6 Qd7 21.Bh3 Qc6 22.Bxc8 Nxc8 23.Ra3 Nxb6
24.Rc3 Nc4 25.Qe2 d5 26.exd5 Qxd5 27.Qxc4 Qxa5 28.Qc8+ Qd8 29.Qxb7 Bc5 30.O-O Bd6
31.Rd1 Qb8 32.Ne4  1-0

[Event "IV Tch-ESP Selecciones Autonomicas"]
[Site "Villava ESP"]
[Date "2009.05.03"]
[Round "6"]
[White "Rodriguez Lopez,Ra"]
[Black "Santos Latasa,J"]
[Result "1-0"]
[WhiteElo "2299"]
[BlackElo "2155"]

1.e4 c5 2.Nf3 d6 3.d4 cxd4 4.Nxd4 Nf6 5.Nc3 a6 6.Be3 e5 7.Nf3 Be7 8.Bc4 O-O
9.O-O Be6 10.Bb3 h6 11.h3 Nbd7 12.Qe2 b5 13.Rfd1 Qc7 14.Nd5 Nxd5 15.exd5 Bf5
16.c4 bxc4 17.Bxc4 Qb7 18.Rac1 Nf6 19.Rc3 Rab8 20.Rb3 Qa8 21.Ra3 a5 22.Bb3 Rfc8
23.Bd4 Bd8 24.Bc3 Rc5 25.Nd2 Nxd5 26.Qf3 Nf4 27.Qxa8 Rxa8 28.Bb4 Rc6 29.Nc4 Ne2+
30.Kf1 Nd4 31.Nxa5 Rb6 32.Nc4 Rba6 33.Rxa6 Rxa6 34.Nxd6 Bg6 35.Nb5 Bf6 36.Nxd4 exd4
37.Bc4 Rb6 38.a3 Rc6 39.Bd3 Bxd3+ 40.Rxd3 g6 41.Ke2 Bg7 42.Rd2 f5 43.Kd3 Kf7
44.Rc2 Rxc2 45.Kxc2 Ke6 46.Kd3 Kd5 47.f3 h5 48.a4 Bf6 49.Bf8 Bd8 50.b4 Bb6
51.a5 Bc7 52.Bc5 Bxa5 53.bxa5 Kxc5 54.a6 Kb6 55.Kxd4 g5 56.Ke5 g4 57.Kxf5 gxh3
58.gxh3  1-0

[Event "III Open"]
[Site "La Laguna ESP"]
[Date "2009.05.04"]
[Round "1"]
[White "Kolev,At1"]
[Black "Trujillo Delgado,D"]
[Result "1-0"]
[WhiteElo "2573"]
[BlackElo "2233"]

1.e4 c5 2.Nf3 d6 3.d4 cxd4 4.Nxd4 Nf6 5.Nc3 a6 6.Be3 e6 7.g4 h6 8.Bg2 Be7
9.Qe2 b5 10.a3 Bb7 11.f4 Nc6 12.O-O-O Nd7 13.h4 Qa5 14.g5 b4 15.Nb3 Qc7 16.axb4 Nxb4
17.f5 Ne5 18.gxh6 g5 19.fxe6 fxe6 20.Bh3 Bc8 21.Nd4 Qa5 22.Kb1 Rb8 23.Bxe6 Nbc6
24.Nb3 Qb4 25.Bxc8 Rxc8 26.Bxg5 Bxg5 27.hxg5 Ne7 28.Qxa6 Rc6 29.Qb5  1-0

[Event "2nd Mayors Cup"]
[Site "Mumbai IND"]
[Date "2009.05.06"]
[Round "7"]
[White "Neelotpal,D"]
[Black "Udeshi,A"]
[Result "1/2-1/2"]
[WhiteElo "2514"]
[BlackElo "2281"]

1.e4 c5 2.Nc3 d6 3.Nf3 Nf6 4.d4 cxd4 5.Nxd4 a6 6.Be3 e5 7.Nf3 Be7 8.Bc4 O-O
9.O-O Be6 10.Bb3 Nc6 11.Bg5 Nd7 12.Be3 Na5 13.Bd5 Nc4 14.Qe2 Nxe3 15.Qxe3 Qc7
16.Bb3 Nb6 17.Qd3 Rac8 18.Nd2 Bg5 19.Rfd1 Bxd2 20.Rxd2 Rfd8 21.Nd5 Bxd5 22.Bxd5 Nxd5
23.Qxd5 Qc6 24.Qd3 Qc4 25.Qf3  1/2-1/2

[Event "Copenhagen Chess Challenge"]
[Site "Ballerup DEN"]
[Date "2009.05.09"]
[Round "6"]
[White "Rossen,C"]
[Black "Petrovski,P"]
[Result "1-0"]
[WhiteElo "2134"]
[BlackElo "1772"]

1.e4 c5 2.Nf3 d6 3.d4 cxd4 4.Nxd4 Nf6 5.Nc3 a6 6.Be3 e5 7.Nb3 Be6 8.f3 Be7
9.Qd2 Nbd7 10.O-O-O Qc7 11.g4 b5 12.Kb1 O-O 13.h4 Rac8 14.h5 Nb6 15.g5 Ne8
16.f4 exf4 17.Bxf4 Nc4 18.Bxc4 Bxc4 19.Nd5 Bxd5 20.exd5 b4 21.Nd4 a5 22.Rde1 Qb7
23.Nf5 Bd8 24.Bxd6 Qd7 25.Bxf8 Qxf5 26.Rxe8 Bxg5 27.Qxg5 Qxg5 28.Be7+ Rxe8
29.Bxg5 Re5 30.Rd1 Re8 31.Rg1 Kf8 32.h6 f6 33.hxg7+ Kxg7 34.Bf4+ Kf7 35.d6 Re4
36.Rd1 Ke8 37.d7+ Kd8 38.Bc7+  1-0

[Event "FIDE Open"]
[Site "Ostrava CZE"]
[Date "2009.05.10"]
[Round "9"]
[White "Socko,M"]
[Black "Malik,J"]
[Result "1/2-1/2"]
[WhiteElo "2456"]
[BlackElo "2203"]

1.e4 c5 2.Nf3 d6 3.d4 cxd4 4.Nxd4 Nf6 5.Nc3 a6 6.Be3 e5 7.Nf3 Qc7 8.a4 b6
9.Nd5 Nxd5 10.Qxd5 Nc6 11.Ng5 Rb8 12.Qc4 h6 13.Nf3 Be7 14.Bd3 b5 15.axb5 axb5
16.Qc3 d5 17.Ra7 Qd6 18.Rxe7+ Nxe7 19.Bc5 Qc7 20.Nxe5 f6 21.Nf3 O-O 22.O-O dxe4
23.Bxe4 Bb7 24.Bxb7 Qxb7 25.Qb3+ Kh7 26.Re1 Rfe8 27.h4 Ng6 28.Rxe8 Rxe8 29.Qd3 Qe4
30.Qxb5 Rd8 31.Qb4 Qxc2 32.h5 Qc1+ 33.Kh2 Qf4+ 34.Qxf4 Nxf4 35.Be3 Nd3 36.b3 Rb8
37.Nd4 Nc5 38.Nc6 Rxb3 39.Bxc5 Rc3 40.Be3 Rxc6 41.g4 Kg8 42.Kg3 Rc4 43.Bf4 Kf7
44.Bd6 Ke6 45.Bf8 f5 46.f3 Rc7 47.Bb4 fxg4 48.fxg4 Ke5 49.Kf3 Rc4 50.Bd2 Kd4
51.g5 hxg5 52.Bxg5 Rc6 53.Kf4 Kd5 54.Kf5 Re6 55.Bd2 Re2 56.Bc3 Rg2 57.Bxg7 Rxg7
58.h6 Rg8 59.Kf6 Rg1 60.h7 Rf1+ 61.Kg7 Rg1+ 62.Kf7  1/2-1/2

[Event "XXVIII Open"]
[Site "Zalakaros HUN"]
[Date "2009.05.12"]
[Round "5"]
[White "Medvegy,Z"]
[Black "Duong The Anh"]
[Result "0-1"]
[WhiteElo "2546"]
[BlackElo "2434"]

1.e4 c5 2.Nf3 d6 3.d4 cxd4 4.Nxd4 Nf6 5.Nc3 a6 6.Be3 e5 7.Nf3 Be7 8.Bc4 O-O
9.O-O Be6 10.Bb3 h6 11.Nh4 Nc6 12.Ng6 Bxb3 13.Nxe7+ Nxe7 14.axb3 d5 15.exd5 Nexd5
16.Bd2 Re8 17.Re1 Rc8 18.Nxd5 Qxd5 19.c4 Qe6 20.Qe2 Nd7 21.Bc3 Nc5 22.b4 Nb3
23.Rad1 Qxc4 24.Qxc4 Rxc4 25.Rd7 b5 26.g3 Re6 27.f4 Nd4 28.Kf2 Nc6 29.fxe5 Nxb4
30.Ra1 Nc6 31.Rxa6 b4 32.Ra4 Nxe5 33.Bxe5 Rxe5 34.Ra8+ Kh7 35.Rxf7 Rc2+ 36.Kf3 Rxh2
37.Rb8 Rxb2 38.Rfb7 Rf5+ 39.Ke4 Rg5 40.Kf3 Rb3+ 41.Kf2 Rgxg3 42.Rxb4 Rxb4
43.Rxb4 Ra3 44.Rb6 h5 45.Kg2 g6 46.Rc6 Kh6 47.Rc5 h4 48.Rb5 g5 49.Rb6+ Kh5
50.Rb5 h3+ 51.Kh2 Kh4 52.Rb4+ g4 53.Rc4 Ra2+ 54.Kg1 Rg2+ 55.Kh1 Rf2 56.Kg1 Rg2+
57.Kh1 Re2 58.Ra4 Kg3 59.Ra3+ Kf4  0-1

[Event "TCh-ISR 2008-9"]
[Site "Israel ISR"]
[Date "2009.05.15"]
[Round "9"]
[White "Caspi,I"]
[Black "Zubov,A UKR"]
[Result "1/2-1/2"]
[WhiteElo "2408"]
[BlackElo "2564"]

1.e4 c5 2.Nf3 d6 3.d4 Nf6 4.Nc3 cxd4 5.Nxd4 a6 6.Be3 e5 7.Nb3 Be6 8.Qd2 Nbd7
9.f3 h5 10.Be2 Be7 11.Nd5 Bxd5 12.exd5 a5 13.a4 O-O 14.O-O Qc7 15.c4 Rfe8
16.Kh1 Bf8 17.f4 Ng4 18.Bg1 e4 19.h3 e3 20.Qd4 Ngf6 21.Bxe3 Nc5 22.Ra3 Nfe4
23.Rf3 h4 24.Kh2 Ng3 25.Qd1 Be7 26.Bd3 b6 27.Bc2 Bf6 28.Nxc5 bxc5 29.Rb3 Qd7
30.Rb5 Re7 31.Bd3 Bd4 32.Bd2 Qc7 33.Be1 Rae8 34.Bxa5 Qd7 35.Bd2 g6 36.a5 Be3
37.Bc3 Bd4 38.Bd2 Be3 39.Bc3 Bd4  1/2-1/2

[Event "Young Stars of the World"]
[Site "Kirishi RUS"]
[Date "2009.05.16"]
[Round "7"]
[White "Shimanov,A"]
[Black "Naroditsky,D"]
[Result "1/2-1/2"]
[WhiteElo "2519"]
[BlackElo "2335"]

1.e4 c5 2.Nf3 d6 3.d4 cxd4 4.Nxd4 Nf6 5.Nc3 a6 6.Be3 e5 7.Nb3 Be6 8.Qd2 Nbd7
9.O-O-O b5 10.f4 Rc8 11.f5 Bc4 12.Kb1 Qc7 13.h3 h5 14.a3 Rb8 15.Nd5 Nxd5
16.exd5 Nf6 17.Qc3 Ne4 18.Qe1 Nf6 19.Qc3 Ne4 20.Qe1 Nf6  1/2-1/2

[Event "XXVIII Open"]
[Site "Zalakaros HUN"]
[Date "2009.05.16"]
[Round "9"]
[White "Haszon,D"]
[Black "Kozma,E"]
[Result "0-1"]
[WhiteElo "2020"]
[BlackElo "2050"]

1.e4 c5 2.Nf3 d6 3.d4 cxd4 4.Nxd4 Nf6 5.Nc3 a6 6.Be3 e5 7.Nb3 Be7 8.f3 O-O
9.Qd2 Be6 10.O-O-O b5 11.Nd5 Nxd5 12.exd5 Bf5 13.g4 Bg6 14.Bd3 Bxd3 15.Qxd3 Bg5
16.h4 Bxe3+ 17.Qxe3 Nd7 18.g5 f5 19.f4 Rc8 20.fxe5 dxe5 21.d6 a5 22.Qd3 a4
23.Nd2 Rc5 24.Rhe1 e4 25.Qd4 Qb6 26.Kb1 Rfc8 27.h5 Rxc2 28.Qd5+ Kh8 29.Nxe4 fxe4
30.Qxe4 Qf2 31.Qb4 R2c4 32.Qd2 Qf5+ 33.Qd3 Rc1+  0-1

[Event "VI Moncada Open"]
[Site "Santiago de Cuba CUB"]
[Date "2009.05.19"]
[Round "4"]
[White "Leyva Rivera,Y"]
[Black "Guerra Mendez,J"]
[Result "1/2-1/2"]
[WhiteElo "2375"]
[BlackElo "2411"]

1.e4 c5 2.Nf3 d6 3.d4 cxd4 4.Nxd4 Nf6 5.Nc3 a6 6.Be3 e5 7.Nb3 Be6 8.f3 Nbd7
9.Qd2 b5 10.O-O-O Be7  1/2-1/2

[Event "18th CRO-Cup"]
[Site "Sibenik CRO"]
[Date "2009.05.22"]
[Round "3"]
[White "Jurkovic,A"]
[Black "Fercec,N"]
[Result "1/2-1/2"]
[WhiteElo "2342"]
[BlackElo "2478"]

1.e4 c5 2.Nf3 d6 3.d4 cxd4 4.Nxd4 Nf6 5.Nc3 a6 6.Be3 e5 7.Nde2 Be6 8.Qd2 Be7
9.O-O-O Nbd7 10.f3 b5 11.g4 b4 12.Nd5 Bxd5 13.exd5 Nb6 14.Bxb6 Qxb6 15.Ng3 g6
16.g5 Nd7 17.h4 Nc5 18.Ne4 Nxe4 19.fxe4 h6 20.gxh6 Bf8 21.Kb1 Bxh6 22.Qg2 Bf4
23.h5 gxh5 24.Be2 Ke7 25.Bxh5 Rag8 26.Qe2 Rg5 27.Bg4 Rhg8 28.Bh3 Rg1 29.Rhxg1 Rxg1
30.Rxg1 Qxg1+ 31.Bf1 a5 32.a4 bxa3 33.bxa3 Qc5 34.Kb2 Qb6+ 35.Ka2 Bc1 36.Qb5 Qd4
37.Bd3 a4 38.Qb4 Qa7 39.Bb5 Be3 40.Bxa4 Bc5 41.Qb5 Kf6 42.Qb3 Qa5 43.c3 Kg5
44.Bd7 Qa7 45.Bf5 Qa6 46.a4 Qe2+ 47.Kb1 Qe1+ 48.Kb2 Qe2+ 49.Qc2 Qxc2+ 50.Kxc2 Kf6  1/2-1/2

[Event "ch-UKR w"]
[Site "Evpatoria UKR"]
[Date "2009.05.26"]
[Round "4"]
[White "Breslavska,G"]
[Black "Rudakova,Z"]
[Result "1-0"]
[WhiteElo "2202"]
[BlackElo "2026"]

1.e4 c5 2.Nf3 d6 3.d4 cxd4 4.Nxd4 Nf6 5.Nc3 a6 6.Be3 Nc6 7.f3 Bd7 8.g4 h6
9.h4 Rc8 10.Qd2 Nxd4 11.Bxd4 e5 12.Be3 Qa5 13.O-O-O b5 14.Kb1 b4 15.Nd5 Nxd5
16.exd5 Be7 17.Be2 Ba4 18.b3 Bb5 19.f4 Bxe2 20.Qxe2 Qc7 21.g5 h5 22.Rh2 Ra8
23.Bc1 f6 24.Qe4 Bd8 25.fxe5 fxe5 26.Rf2 Rf8 27.Qg6+ Rf7 28.Rdf1 Ra7 29.Rxf7 Qxf7
30.Rxf7 Rxf7 31.Qxd6 e4 32.Qg6 a5 33.d6 Kf8 34.Qxe4 Rf1 35.d7 Be7 36.Qa8+ Kf7
37.Qd5+  1-0

[Event "Subic Open"]
[Site "Subic PHI"]
[Date "2009.05.26"]
[Round "2"]
[White "Nguyen Van Huy"]
[Black "Nguyen Hoang Nam1"]
[Result "0-1"]
[WhiteElo "2423"]
[BlackElo "2281"]

1.e4 c5 2.Nf3 d6 3.d4 cxd4 4.Nxd4 Nf6 5.Nc3 a6 6.Be3 e6 7.Be2 Be7 8.O-O O-O
9.f4 Nc6 10.a4 Qc7 11.Kh1 Re8 12.Bd3 Nb4 13.a5 Bd7 14.Nf3 Rac8 15.Qe2 d5
16.e5 Ne4 17.Bb6 Nxc3 18.Bxh7+ Kh8 19.bxc3 Bb5 20.Qf2 Qxc3 21.Bd4 Qc7 22.f5 Qxc2
23.Qg3 Bxf1 24.Rxf1 Kxh7 25.f6 Qg6 26.Ng5+ Kg8 27.fxe7 Rxe7 28.Qh4 Rec7 29.Be3 Nd3  0-1

[Event "Subic Open"]
[Site "Subic PHI"]
[Date "2009.05.26"]
[Round "2"]
[White "Wang Li"]
[Black "Deepan,C"]
[Result "0-1"]
[WhiteElo "2401"]
[BlackElo "2482"]

1.e4 c5 2.Nf3 d6 3.d4 cxd4 4.Nxd4 Nf6 5.Nc3 a6 6.Be3 e5 7.Nb3 Be7 8.Be2 O-O
9.g4 Be6 10.g5 Nfd7 11.Qd2 Nb6 12.O-O-O Nc4 13.Bxc4 Bxc4 14.h4 a5 15.Kb1 b5
16.f4 a4 17.Nc1 exf4 18.Bxf4 b4 19.N3e2 b3 20.cxb3 axb3 21.axb3 Bxe2 22.Nxe2 Qb6
23.Nd4 Nc6 24.Nf5 Rfc8 25.Rc1 Bf8 26.Bxd6 Qxb3 27.Qd5 Qa4 28.Ba3 Bxa3 29.Nh6+ gxh6
30.gxh6 Bxb2 31.Kxb2 Qa3+ 32.Kb1 Rab8+  0-1

[Event "Subic Open"]
[Site "Subic PHI"]
[Date "2009.05.26"]
[Round "2"]
[White "Ashwin,J"]
[Black "Nguyen Thanh Son"]
[Result "1/2-1/2"]
[WhiteElo "2413"]
[BlackElo "2362"]

1.e4 c5 2.Nf3 d6 3.d4 cxd4 4.Nxd4 Nf6 5.Nc3 a6 6.Be3 e5 7.Nb3 Be6 8.Qd2 Be7
9.O-O-O O-O 10.f4 Ng4 11.g3 Nxe3 12.Qxe3 Nc6 13.Kb1 Rc8 14.f5 Bxb3 15.axb3 Nb4
16.h4 Qa5 17.Bc4 b5 18.Nd5 Qa2+ 19.Kc1 Nxd5 20.Bxd5 Qa1+ 21.Kd2 Qxb2 22.Qd3 Qa3
23.Ra1 Qc5 24.Rxa6 Qf2+ 25.Kc1 Rc7 26.Rd1 Rfc8 27.Rd2 Qe1+ 28.Kb2 Rc3 29.Qxc3 Rxc3
30.Ra8+ Bf8 31.Kxc3 b4+ 32.Kd3 Qxg3+ 33.Ke2 Qg2+ 34.Ke3 Qh3+ 35.Ke2 Qh2+
36.Ke3 Qxh4 37.Rf2 h5 38.f6 Qg5+ 39.Ke2 gxf6 40.Kf1 Qc1+ 41.Kg2 Qh6 42.Kh3 Kh7
43.Ra7 Bg7  1/2-1/2

[Event "Subic Open"]
[Site "Subic PHI"]
[Date "2009.05.27"]
[Round "4"]
[White "Gao Rui"]
[Black "Sandipan,C"]
[Result "0-1"]
[WhiteElo "2500"]
[BlackElo "2558"]

1.e4 c5 2.Nf3 d6 3.d4 cxd4 4.Nxd4 Nf6 5.Nc3 a6 6.Be3 e5 7.Nf3 Be7 8.Bc4 O-O
9.O-O Be6 10.Bxe6 fxe6 11.Na4 Nfd7 12.Qd3 b5 13.Qb3 bxa4 14.Qb7 Rxf3 15.gxf3 Bg5
16.Bxg5 Qxg5+ 17.Kh1 Qd8 18.Rg1 Qb6 19.Qxb6 Nxb6 20.Rad1 d5 21.c4 d4 22.f4 Nc6
23.fxe5 Rf8 24.b3 Rxf2 25.Rg2 Rxg2 26.Kxg2 a3 27.Rd3 a5  0-1

[Event "Copper State Int"]
[Site "Mesa USA"]
[Date "2009.05.29"]
[Round "2"]
[White "Rensch,D"]
[Black "Milman,L"]
[Result "1/2-1/2"]
[WhiteElo "2399"]
[BlackElo "2462"]

1.e4 c5 2.Nf3 d6 3.d4 cxd4 4.Nxd4 Nf6 5.Nc3 a6 6.Be3 e5 7.Nb3 Be6 8.f3 Nbd7
9.g4 b5 10.g5 Nh5 11.Qd2 Be7 12.Nd5 Bxd5 13.exd5 Nf4 14.h4 h6 15.Na5 hxg5
16.Nc6 Qc7 17.O-O-O Bf6 18.Bh3 Nb6 19.hxg5 Bxg5 20.Bf5 Rh6 21.Rxh6 Bxh6 22.Bxb6 Qxb6
23.Kb1 Qc5 24.Be4 Kf8 25.Qa5 g6 26.Qc7 Kg7 27.b4 Qc3 28.Qxd6 Ne2 29.Bd3 Nf4
30.Qxe5+ Qxe5 31.Nxe5 Nxd5 32.Kb2 Nxb4 33.Be4 Re8 34.a3 Nxc2 35.Nxf7 Nxa3
36.Rd7 Nc4+ 37.Kc3 Rb8 38.Ne5+ Kf6 39.Nxc4 bxc4  1/2-1/2

[Event "ch-UZB"]
[Site "Tashkent UZB"]
[Date "2009.05.29"]
[Round "13"]
[White "Niyazmetov,R"]
[Black "Faizulaev,A"]
[Result "0-1"]
[WhiteElo "2227"]
[BlackElo "2275"]

1.e4 c5 2.Nf3 d6 3.d4 cxd4 4.Nxd4 Nf6 5.Nc3 a6 6.Be3 e6 7.f3 b5 8.Qd2 b4
9.Na4 Nbd7 10.O-O-O Qa5 11.b3 Bb7 12.a3 Qc7 13.axb4 d5 14.Kb1 dxe4 15.Bc4 Ne5
16.Bxe6 fxe6 17.Nxe6 Qc6 18.Nxf8 Rxf8 19.Bd4 Ned7 20.fxe4 O-O-O 21.e5 Ne4
22.Qe2 Rde8 23.Qg4 Kb8 24.Rhe1 g6 25.Qh4 h5 26.Re2 Nxe5 27.Rde1 Nc4 28.bxc4 Qxa4
29.Kc1 Qxb4 30.Qh3 Qxc4 31.Qd7 Rd8 32.Be5+ Ka8 33.Qg7 Rf1 34.Rxf1 Qxe2 35.Rf8 Qe1+  0-1

[Event "Copper State Int"]
[Site "Mesa USA"]
[Date "2009.06.02"]
[Round "9"]
[White "MacKinnon,K"]
[Black "Adelberg,D"]
[Result "0-1"]
[WhiteElo "2145"]
[BlackElo "2158"]

1.e4 c5 2.Nf3 d6 3.d4 cxd4 4.Nxd4 Nf6 5.Nc3 a6 6.Be3 e6 7.f3 b5 8.g4 Nfd7
9.Qd2 Nb6 10.a3 N8d7 11.Qf2 Bb7 12.O-O-O Rc8 13.Nb3 Rxc3 14.bxc3 Qc7 15.Bd4 d5
16.exd5 Nxd5 17.Bd3 e5 18.Rhe1 Be7 19.Be3 Nxc3 20.Kb2 Na4+ 21.Ka2 Nc3+ 22.Kb2 Nxd1+
23.Rxd1 O-O 24.Bf5 Nf6 25.g5 Nd5 26.Bc5 Rd8 27.h4 a5 28.Be4 a4 29.Bxe7 Qxe7
30.Qc5 Qd7 31.Na5 Ba8 32.c4 bxc4 33.Nxc4 Qb7+ 34.Kc1 Qa6 35.Bxd5 Bxd5 36.Rxd5 Rc8
37.Rxe5 h6 38.g6 Qxc4+ 39.Qxc4 Rxc4+ 40.Kd2 fxg6 41.h5 Kf7 42.Kd3 Rf4 43.Ke3 Rf5
44.Rxf5+ gxf5 45.f4 g6 46.hxg6+ Kxg6 47.Kf3 Kf6  0-1

[Event "59th ch-RUS w HL"]
[Site "Voronezh RUS"]
[Date "2009.06.03"]
[Round "3"]
[White "Ubiennykh,E"]
[Black "Khropova,L"]
[Result "1-0"]
[WhiteElo "2288"]
[BlackElo "2014"]

1.e4 c5 2.Nf3 d6 3.d4 cxd4 4.Nxd4 Nf6 5.Nc3 a6 6.Be3 e6 7.g3 Bd7 8.Bg2 Nc6
9.O-O Be7 10.Qe2 Qc7 11.a4 O-O 12.Rad1 Nxd4 13.Bxd4 e5 14.Be3 h6 15.Ra1 Rac8
16.Rfc1 Bg4 17.Qe1 b6 18.Na2 a5 19.c4 Be6 20.b3 Nd7 21.Nc3 Nc5 22.Qd1 Qd7
23.Ra2 Bg4 24.f3 Be6 25.Rd2 Rfd8 26.Nb5 Rc6 27.Qc2 Qb7 28.Rcd1 Qb8 29.h3 Kh8
30.Kh2 Kg8 31.Rg1 Kh8 32.Bf1 Rf8 33.f4 f5 34.exf5 Bxf5 35.Qd1 Rcc8 36.Nxd6 Bxd6
37.Rxd6 exf4 38.Bxf4 Qa7 39.Bg2 Rce8 40.Re1 Rxe1 41.Qxe1 Nxb3 42.Qc3 Nc5
43.Rxh6+ Bh7 44.Rh4 Qf7 45.Be5 Ne6 46.c5 bxc5 47.Qxa5 Kg8 48.Qe1 Qf2 49.Bc3 Ng5
50.Qxf2 Rxf2 51.Kg1 Rc2 52.Bd5+ Kf8 53.Be5 Bd3 54.Bd6+ Ke8 55.Rh5 Nh7 56.Bc6+ Kf7
57.Rxc5 Re2 58.Bf3 Rb2 59.Rc7+ Kf6 60.Rc3 Ba6 61.Bf4 Bb7 62.Bxb7 Rxb7 63.Rc6+ Kf5
64.Rc5+ Kg6 65.a5 Rb1+ 66.Rc1 Rb2 67.Ra1 Rb7 68.a6 Ra7 69.Bb8  1-0

[Event "XXXI Nezhmetdinov Mem"]
[Site "Kazan RUS"]
[Date "2009.06.05"]
[Round "6"]
[White "Geller,J"]
[Black "Sharafiev,A"]
[Result "1/2-1/2"]
[WhiteElo "2525"]
[BlackElo "2432"]

1.Nf3 c5 2.e4 d6 3.d4 cxd4 4.Nxd4 Nf6 5.Nc3 a6 6.Be3 e5 7.Nf3 Be7 8.Bc4 O-O
9.Bg5 Be6 10.Bb3 Nfd7 11.Bxe7 Qxe7 12.O-O Nc6 13.Qd2 Nc5 14.Rfe1 Nxb3 15.axb3 Rac8
16.h3 Rfd8 17.Re2 Qf8 18.Nd5 Ne7 19.Nxe7+ Qxe7 20.Qb4 Rc5 21.Ra5 Qc7 22.Rxc5 dxc5
23.Qc3 f6 24.Rd2 Rxd2 25.Qxd2 Kf7 26.Ne1 a5 27.c4 b6 28.Nc2 a4 29.Ne3 axb3
30.Qd3 b5 31.Qxb3 bxc4  1/2-1/2

[Event "OKU"]
[Site "Utrecht NED"]
[Date "2009.06.05"]
[Round "1"]
[White "Kuipers,S"]
[Black "Segers,H"]
[Result "1-0"]
[WhiteElo "2343"]
[BlackElo "2021"]

1.e4 c5 2.Nf3 d6 3.d4 cxd4 4.Nxd4 Nf6 5.Nc3 a6 6.Be3 e5 7.Nb3 Be7 8.f3 Be6
9.Qd2 b5 10.g4 b4 11.Nd5 Bxd5 12.exd5 O-O 13.a3 bxa3 14.Rxa3 Nfd7 15.Bd3 Nc5
16.Nxc5 dxc5 17.Be4 Bh4+ 18.Ke2 Qd6 19.Rha1 Rd8 20.Qc3 Be7 21.Ra5 Nd7 22.Qd3 c4
23.Qxc4 Rdc8 24.Qd3 Qb4 25.d6 Bd8 26.R5a4 Qxb2 27.R4a2 Qb4 28.Bxa8 Rxa8 29.Rxa6 Rb8
30.Ra8 Bf6 31.Rxb8+ Qxb8 32.Qd5 Qb2 33.Ra8+ Nf8 34.Rxf8+  1-0

[Event "FSIMB June"]
[Site "Budapest HUN"]
[Date "2009.06.06"]
[Round "1"]
[White "Poetz,F"]
[Black "Farago,S"]
[Result "1/2-1/2"]
[WhiteElo "2231"]
[BlackElo "2255"]

1.e4 c5 2.Nf3 d6 3.d4 cxd4 4.Nxd4 Nf6 5.Nc3 a6 6.Be3 b5 7.f3 Bb7 8.Qd2 Nbd7
9.O-O-O e6 10.g4 b4 11.Nce2 d5 12.g5 Nh5 13.exd5 Bxd5 14.Kb1 Ne5 15.Bg2 Nc4
16.Qd3 Nxe3 17.Qxe3 Qc7 18.Bh3 Bd6 19.Bxe6 Bxe6 20.Nxe6 fxe6 21.Qxe6+ Be7
22.g6 hxg6 23.Qxg6+ Kf8 24.Nd4 Nf4 25.Qf5+ Bf6 26.Qxf4 Qxf4 27.Ne6+ Kf7 28.Nxf4 Be5
29.Nd5 a5 30.f4 Bd6 31.h3 Rae8 32.Rd3 Rh5 33.Rf1 Re2 34.b3 Rh2 35.Rff3 Rh1+
36.Kb2 g6 37.Nf6 Kxf6 38.Rxd6+ Kf5 39.Rdd3 Rh4 40.Rd4 R4xh3 41.Rd5+ Ke4 42.Rxh3 Rxh3
43.Rd6 Rg3 44.Rf6 Rg2 45.a3 bxa3+ 46.Kxa3 Rxc2 47.Rxg6 Kxf4 48.Ra6 Ke5 49.Ka4 Ra2+
50.Kb5 Rb2 51.Rxa5 Kd6 52.b4 Kc7 53.Ra7+ Kb8 54.Rh7 Rg2 55.Ka5 Rg6 56.b5 Rf6
57.Kb4 Rg6 58.Ka5 Rf6  1/2-1/2

[Event "OKU"]
[Site "Utrecht NED"]
[Date "2009.06.06"]
[Round "3"]
[White "Nijboer,F"]
[Black "Giri,A"]
[Result "1-0"]
[WhiteElo "2562"]
[BlackElo "2517"]

1.e4 c5 2.Nf3 d6 3.d4 cxd4 4.Nxd4 Nf6 5.Nc3 a6 6.Be3 e5 7.Nb3 Be6 8.f3 Be7
9.Qd2 O-O 10.O-O-O a5 11.a4 Na6 12.g4 Nb4 13.Kb1 Rc8 14.g5 Nd7 15.f4 exf4
16.Bxf4 Nc5 17.Nxc5 Rxc5 18.Rg1 Qa8 19.Be3 Rc7 20.Bb6 Rc6 21.Bd4 Rcc8 22.Rg3 d5
23.exd5 Bf5 24.Rc1 Rfd8 25.Qe2 Bd6 26.Bh3 Re8 27.Qf3 Nxc2 28.Bxf5 Nxd4 29.Bxh7+ Kf8
30.Qf2 Bxg3 31.hxg3 Qa7 32.Bg6 Rc7 33.d6 Rd7 34.Rh1 Kg8 35.Rh8+  1-0